00000000cam 2200000zi 4500
0019.951096
003CaOODSP
00520251119112149
006m     o  d f      
007cr |||||||||||
008250514t20252025oncab   ob   f000 0 eng d
020 |a9780660772998
040 |aCaOODSP|beng|erda|cCaOODSP
043 |an-cn---
0861 |aEn3-4/381-2025E-PDF
24500|aRecovery strategy for the white shark (Carcharodon carcharias), Atlantic population.
24637|aRecovery strategy for the white shark (Atlantic population)
24633|aRecovery strategy for the white shark (Carcharodon carcharias) in Atlantic Canadian waters
264 1|aOttawa : |bGovernment of Canada = Gouvernement du Canada, |c2025.
264 4|c©2025
300 |a1 online resource (vi, 44 pages) : |billustration, maps.
336 |atext|btxt|2rdacontent
337 |acomputer|bc|2rdamedia
338 |aonline resource|bcr|2rdacarrier
4901 |aSpecies at Risk Act recovery strategy series
500 |aIssued by: Fisheries and Oceans Canada.
500 |aIssued also in French under title: Programme de rétablissement du grand requin blanc (Carcharodon carcharias), population de l'Atlantique.
500 |aCover title.
504 |aIncludes bibliographical references (pages 31-41).
650 0|aWhite shark|xConservation|zAtlantic Coast (Canada)
650 0|aRare fishes|zAtlantic Coast (Canada)
650 0|aWildlife recovery|zAtlantic Coast (Canada)
7101 |aCanada. |bDepartment of Fisheries and Oceans, |eissuing body.
77508|tProgramme de rétablissement du grand requin blanc (Carcharodon carcharias), population de l'Atlantique.|w(CaOODSP)9.951097
830#0|aSpecies at Risk Act recovery strategy series.|w(CaOODSP)9.505071
85640|qPDF|s999 KB|uhttps://publications.gc.ca/collections/collection_2025/mpo-dfo/En3-4-381-2025-eng.pdf
8564 |qHTML|sN/A|uhttps://www.canada.ca/en/environment-climate-change/services/species-risk-public-registry/recovery-strategies/white-shark-2025.html